| 000 | 00485nam a22001937a 4500 | ||
|---|---|---|---|
| 003 | MPLRDC | ||
| 005 | 20220104124127.0 | ||
| 008 | 210129b ||||| |||| 00| 0 eng d | ||
| 020 | _a7-80679-710-6 | ||
| 082 | _a857.75 LHY | ||
| 100 | _a李海洋 | ||
| 245 |
_a少年查必良伤人事件 _c |
||
| 250 | _a一版一刷 | ||
| 260 |
_a中国 _b接力出版社 _c2005 |
||
| 300 | _b169 | ||
| 490 | _a萌芽书系 | ||
| 650 | _a中国文学--长篇小说 | ||
| 942 |
_cBK _o857.75 LHY |
||
| 999 |
_c16847 _d16837 |
||